000 00296nam a2200121Ia 4500
008 190216s9999||||xx |||||||||||||| ||und||
100 _aPurinak P G&Amp;Thakur R S
245 0 _aText Book Of Chordate Zoology
260 _bS Chand & Co
_c1987
300 _a292p
650 _aZoology
942 _cBK
999 _c37415
_d37415